书目信息 |
| 题名: |
义务教育俄语课程标准
|
|
| 作者: | ;中华人民共和国教育部 制定 | |
| 分册: | ||
| 出版信息: | 北京 北京师范大学出版社 2022 |
|
| 页数: | 104页 | |
| 开本: | 26cm | |
| 丛书名: | ||
| 单 册: | ||
| 中图分类: | G633.452 , G632.3 | |
| 科图分类: | ||
| 主题词: | 俄语课--课程标准--初中 | |
| 电子资源: | ||
| ISBN: | 978-7-303-27667-7 | |
| 000 | 00930nam0 2200241 450 | |
| 001 | 012024000947 | |
| 005 | 20241120093216.36 | |
| 010 | @a978-7-303-27667-7@dCNY19.00 | |
| 100 | @a20241119d2022 em y0chiy50 ea | |
| 101 | 0 | @achi |
| 102 | @aCN@b110000 | |
| 105 | @ay z 000yy | |
| 106 | @ar | |
| 200 | 1 | @a义务教育俄语课程标准@Ayi wu jiao yu e yu ke cheng biao zhun@e2022年版@f中华人民共和国教育部制定 |
| 210 | @a北京@c北京师范大学出版社@d2022 | |
| 215 | @a104页@d26cm | |
| 330 | @a本书分为课程性质、课程理念、课程目标、课程内容、学业质量、课程实施6部分,内容包括:核心素养内涵、目标要求、主题、话题、知识、言语技能、学习策略、学业质量内涵、学业质量描述等。 | |
| 606 | 0 | @a俄语课@x课程标准@x初中 |
| 690 | @aG633.452@v5 | |
| 690 | @aG632.3@v4 | |
| 711 | 02 | @a中华人民共和国教育部@Azhong hua ren min gong he guo jiao yu bu@4制定 |
| 801 | 0 | @aCN@bAHXH@c20241119 |
| 905 | @b214173865@b214173874@b214173883@dG632.3@e1571@f3 | |
| 义务教育俄语课程标准:2022年版/中华人民共和国教育部制定.-北京:北京师范大学出版社,2022 |
| 104页;26cm |
| ISBN 978-7-303-27667-7:CNY19.00 |
| 本书分为课程性质、课程理念、课程目标、课程内容、学业质量、课程实施6部分,内容包括:核心素养内涵、目标要求、主题、话题、知识、言语技能、学习策略、学业质量内涵、学业质量描述等。 |
| ● |
| 相关链接 |
|
|
|
|
正题名:义务教育俄语课程标准
索取号:G632.3/1571
 
预约/预借
| 序号 | 登录号 | 条形码 | 馆藏地/架位号 | 状态 | 备注 |
| 1 | 1417386 | 214173865 | 第一样本阅览室/ [索取号:G632.3/1571] | 在馆 | |
| 2 | 1417387 | 214173874 | 第四借阅区/ [索取号:G632.3/1571] | 在馆 | |
| 3 | 1417388 | 214173883 | 第四借阅区/ [索取号:G632.3/1571] | 在馆 |